Brussels City Trivia - Statistics

General Stats
  • This quiz has been taken 996 times
  • The average score is 11 of 20
Answer Stats
Question Answer % Correct
Brussels is considered to be the capital of what international body? European Union
98%
What is the closest world capital to Brussels? Amsterdam
92%
What is the name of the statue depicting a naked little boy urinating? Manneken {Pis}
81%
What is the French name of Brussels? Bruxelles
78%
What Belgian region is Brussels surrounded by? Flanders
77%
What fictional reporter from Brussels was created by Hergé? Tintin
73%
What is the birth country of the greatest number of foreign-born Brussels residents? France
72%
What international event has Brussels hosted four times - first in 1897 and last in 1958? World's Fair
70%
What branch of the above is headquartered in Brussels? The Legislative
67%
What landmark was constructed for that event in 1958? Atomium
63%
What is the name of the central square in Brussels? Grand Place
53%
What is the most successful football club that is based in Brussels? R.S.C. Anderlecht
52%
What type of vegetable are the Brussels sprouts? Cabbage
48%
What painter would say what a pipe isn't? René Magritte
47%
On what river is Brussels mainly located - also sounds kind of like nearby capital's river? Senne
44%
What type of "carpet" can be seen in Brussels every other August, coordinating with Assumption Day? {Flower} Carpet
38%
What Chanson singer sang "Ne me quitte pas"? Jacques Brel
37%
What neighbourhood takes its name from the former name of a city in Russia? Stalingrad
30%
What large urban park is known as "Jubelpark" by the Dutch-speaking residents? Cinquantenaire
19%
What type of buildings does Brussels have 183 of - most of any city in the world? Foreign Embassies
8%
No matching quizzes found
Score Distribution
Percent of People with Each Score
Percentile by Number Answered
Your Score History
You have not taken this quiz